000 00552nam a2200157 a 4500
008 120416s1990 ||||||||||||||||| || u
020 _a0201523698
050 _aT 385 Dan
100 _aDanuloff, Craig
245 1 0 _aExpert advisor: Harvard graphics
260 _aReading:
_bAddison-Wesley
_c1990
300 _ax, 441p. : ill.
350 _a0.00
650 _aHARVARD GRAPHICS (COMPUTER FILE)
995 _D0.00
_FCBU-MAIN LIBRARY (Kitwe)
_H1
_I20.95
_M1
_UAVAILABLE
_ZMain Library Open Access Collection
999 _c42921
_d42921